000 00229nam a22001097a 4500
082 _a158
_bSHA/D
100 _aSHARMA,ROBIN
245 _aDISCOVER YOUR DESTINY
260 _bJAICO
650 _aPERSONALITY DEVELOPMENT
942 _cBK
999 _c5464
_d5464